000 00641nam a2200169Ia 4500
008 090201s9999 xx 000 0 und d
010 _aKPL-70745
040 _bमराठी
041 _aमराठी
082 _a49112
_b70745
100 _aजॉन गोन्सालविस
245 _aसंस्कारासाठी दिनमाहात्म्य
_cजॉन गोन्सालविस
260 _c2006
_bप्राजक्ता प्रकाशन
300 _a272
_bमध्यम
600 _aसंस्कारासाठी दिनमाहात्म्य
942 _cBOOK
999 _c245696
_d245696